| 000 | 00366nam a2200121Ia 4500 | ||
|---|---|---|---|
| 008 | 210430s9999 xx 000 0 und d | ||
| 020 | _a978-969-9532-02-3 | ||
| 082 | _a1158.3 S5256H | ||
| 100 | _aDr. Safdar Ali Shah & Syed Javaid A. Kazi | ||
| 245 | 4 |
_aThe Hindu Heritage of Pakistan _cDr. Safdar Ali Shah & Syed Javaid A. Kazi |
|
| 300 | _a122 | ||
| 942 |
_cBK _2ddc |
||
| 999 |
_c565390 _d565390 |
||